[Event "Madrid San Viator op-A 30th"]
[Site "Madrid"]
[Date "2018.05.27"]
[Round "7"]
[White "Manas Molina, Angel"]
[Black "Sanchez Fernandez, Juan Antonio"]
[Result "1-0"]
[WhiteElo "1829"]
[BlackElo "1751"]
[PlyCount "56"]
[EventDate "2018.04.08"]
[EventType "swiss"]
[EventRounds "9"]
[EventCountry "ESP"]
[SourceTitle "EXT 2019"]
[Source "ChessBase"]
[SourceDate "2018.10.10"]
[SourceVersion "1"]
[SourceVersionDate "2018.10.10"]
[SourceQuality "1"]

1. e4 e5 2. Nc3 Nf6 3. f4 d5 4. fxe5 Nxe4 5. Nf3 Bg4 6. Be2 c5 7. 0-0 Nc6 8. d3 Nxc3 9. bxc3 Be7 10. d4 0-0 11. Be3 c4 12. Qe1 Bf5 13. Bd1 b5 14. Qg3 Rb8 15. h4 Bg6 16. Ng5 h6 17. Nxf7 Rxf7 18. Qxg6 Rxf1+ 19. Kxf1 Qf8+ 20. Bf3 Rb6 21. Qe6+ Kh8 22. Qxd5 Bxh4 23. Qe4 Bd8 24. d5 Ne7 25. Bxb6 Bxb6 26. d6 Nf5 27. Qa8 Qd8 28. Qxd8+ Bxd8 1-0

[Event "Madrid San Viator op-A 30th"]
[Site "Madrid"]
[Date "2018.05.20"]
[Round "6"]
[White "Esteban Posadilla, Raul"]
[Black "Manas Molina, Angel"]
[Result "1-0"]
[WhiteElo "1605"]
[BlackElo "1829"]
[PlyCount "91"]
[EventDate "2018.04.08"]
[EventType "swiss"]
[EventRounds "9"]
[EventCountry "ESP"]
[SourceTitle "EXT 2019"]
[Source "ChessBase"]
[SourceDate "2018.10.10"]
[SourceVersion "1"]
[SourceVersionDate "2018.10.10"]
[SourceQuality "1"]

1. c4 Nf6 2. Nc3 g6 3. e4 d6 4. g3 Bg7 5. Bg2 0-0 6. Nge2 c6 7. 0-0 Be6 8. d3 Nh5 9. Be3 Qd7 10. Qc1 Bh3 11. Bh6 Bxg2 12. Kxg2 f5 13. Bxg7 Kxg7 14. f3 Na6 15. a3 Nc5 16. Qc2 fxe4 17. dxe4 Qe6 18. b4 Nd7 19. Nd1 Ne5 20. Ne3 c5 21. f4 Ng4 22. Nxg4 Qxg4 23. h3 Qe6 24. g4 Nf6 25. Ng3 cxb4 26. axb4 a6 27. Qd3 Rac8 28. Rac1 Rc7 29. Rf2 Rfc8 30. Rfc2 b5 31. c5 dxc5 32. bxc5 Nd7 33. Qd4+ Qf6 34. e5 Qc6+ 35. Ne4 Qe6 36. Kg3 h6 37. h4 h5 38. gxh5 gxh5 39. Rg1 Kh6 40. Kh2 Qf5 41. Qe3 Rf8 42. Rcg2 Rc6 43. Rf2 Re6 44. Rg5 Qf7 45. Ng3 Rxe5 46. Rxe5 1-0

[Event "Madrid Oliver Gonzalez Memorial-B 3rd"]
[Site "Madrid"]
[Date "2012.09.08"]
[Round "8"]
[White "Vazquez Gonzalez, Jesus"]
[Black "Manas Molina, Angel"]
[Result "1-0"]
[WhiteElo "2061"]
[BlackElo "1939"]
[PlyCount "65"]
[EventDate "2012.09.01"]
[EventType "swiss"]
[EventRounds "9"]
[EventCountry "ESP"]
[SourceTitle "CBM 150 Extra"]
[Source "ChessBase"]
[SourceDate "2012.10.19"]
[SourceVersion "1"]
[SourceVersionDate "2012.10.19"]
[SourceQuality "1"]

1. e4 c5 2. Nf3 a6 3. c3 Nf6 4. e5 Nd5 5. Bc4 e6 6. a4 d6 7. d4 Nb6 8. Ba2 cxd4 9. Bg5 Be7 10. Bxe7 Qxe7 11. Qxd4 Qd8 12. exd6 0-0 13. Ne5 f6 14. Nc4 Nxa4 15. Bb3 b5 16. Bxa4 bxc4 17. Nd2 Bb7 18. Nxc4 e5 19. Qb6 Bxg2 20. Rg1 Bh3 21. 0-0-0 Nd7 22. Qe3 Be6 23. Qh6 Rf7 24. Bc2 Nf8 25. Ne3 Kh8 26. Qh5 Qd7 27. Nf5 g6 28. Nh6 Rg7 29. Qf3 Rd8 30. Qxf6 Re8 31. Rg5 Qd8 32. Qxe5 Bg4 33. Nf7+ 1-0

[Event "Madrid Oliver Gonzalez Memorial-B 3rd"]
[Site "Madrid"]
[Date "2012.09.05"]
[Round "5"]
[White "Merino Araguas, Jose Javier"]
[Black "Manas Molina, Angel"]
[Result "0-1"]
[WhiteElo "1811"]
[BlackElo "1939"]
[PlyCount "128"]
[EventDate "2012.09.01"]
[EventType "swiss"]
[EventRounds "9"]
[EventCountry "ESP"]
[SourceTitle "CBM 150 Extra"]
[Source "ChessBase"]
[SourceDate "2012.10.19"]
[SourceVersion "1"]
[SourceVersionDate "2012.10.19"]
[SourceQuality "1"]

1. d4 d5 2. Nf3 Nf6 3. c4 c6 4. cxd5 cxd5 5. Nc3 Nc6 6. Bf4 a6 7. Rc1 Bg4 8. Ne5 Nxe5 9. Bxe5 e6 10. h3 Bh5 11. Qb3 b5 12. e3 Rc8 13. a3 Bd6 14. Bxd6 Qxd6 15. Bd3 0-0 16. 0-0 Nd7 17. Qa2 f5 18. f4 Qe7 19. Ne2 g5 20. Rxc8 Rxc8 21. Qb1 g4 22. Ng3 Qh4 23. Nxh5 Qxh5 24. Qd1 Nf6 25. Be2 Qg6 26. hxg4 fxg4 27. g3 Qh5 28. Rf2 Qh3 29. Rg2 Ne4 30. Bxg4 Qh6 31. Bf3 Qg6 32. g4 Kf8 33. g5 Nd6 34. Be2 Qe4 35. Qd3 Rc1+ 36. Kf2 Rc2 37. Qxe4 Nxe4+ 38. Kf3 Rxb2 39. Bd3 Rb3 40. Bxe4 dxe4+ 41. Kxe4 Rxa3 42. Rh2 Kg7 43. Rh6 b4 44. Rxe6 a5 45. d5 Ra1 46. f5 b3 47. Rb6 a4 48. Rb7+ Kf8 49. Ke5 Re1 50. e4 a3 51. Rxb3 a2 52. Rb8+ Ke7 53. Rb7+ Ke8 54. Rb8+ Kd7 55. Rb7+ Kd8 56. Rb8+ Kc7 57. Ra8 a1Q+ 58. Rxa1 Rxa1 59. f6 Kd7 60. Kd4 Ra4+ 61. Ke5 Rb4 62. Kf5 Kd6 63. Kf4 Rb1 64. Ke3 Ke5 0-1

[Event "Madrid Oliver Gonzalez Memorial-B 3rd"]
[Site "Madrid"]
[Date "2012.09.03"]
[Round "3"]
[White "Manas Molina, Angel"]
[Black "Lopez de Turiso, Jose Angel"]
[Result "0-1"]
[WhiteElo "1939"]
[BlackElo "2046"]
[PlyCount "128"]
[EventDate "2012.09.01"]
[EventType "swiss"]
[EventRounds "9"]
[EventCountry "ESP"]
[SourceTitle "CBM 150 Extra"]
[Source "ChessBase"]
[SourceDate "2012.10.19"]
[SourceVersion "1"]
[SourceVersionDate "2012.10.19"]
[SourceQuality "1"]

1. e4 c6 2. d4 d5 3. e5 c5 4. c3 Nc6 5. Nf3 Bg4 6. Be2 Bxf3 7. Bxf3 e6 8. Be3 Qb6 9. Qd2 cxd4 10. cxd4 Bb4 11. Nc3 Nge7 12. a3 Bxc3 13. bxc3 Na5 14. Bd1 Nb3 15. Bxb3 Qxb3 16. 0-0 b6 17. Rfc1 Rc8 18. Qa2 Qxa2 19. Rxa2 Kd7 20. Kf1 Rc4 21. Ke2 Rhc8 22. Bd2 Nc6 23. Raa1 Na5 24. Rcb1 Ra4 25. Rb4 Rc4 26. Rxc4 Nxc4 27. Bc1 b5 28. Kd3 Kc6 29. f4 a5 30. Kc2 Nb6 31. Kb3 Rc4 32. g4 g6 33. Bd2 Kb7 34. Rf1 b4 35. f5 a4+ 36. Kb2 b3 37. fxg6 fxg6 38. Rf7+ Rc7 39. Rf6 Nc4+ 40. Kc1 b2+ 41. Kc2 Nxd2 42. Kxb2 Re7 43. h4 Kc6 44. h5 gxh5 45. gxh5 Kd7 46. h6 Ke8 47. Rf4 Rf7 48. Rg4 Kf8 49. Ka2 Ne4 50. c4 Rf2+ 51. Kb1 Nd2+ 52. Kc1 Nxc4 53. Rg7 Rf7 54. Rg3 Rf1+ 55. Kc2 Rh1 56. Rf3+ Ke7 57. Rg3 Rxh6 58. Rg7+ Kf8 59. Ra7 Rh2+ 60. Kc3 Nxa3 61. Rxa4 Nb5+ 62. Kd3 Rh3+ 63. Kd2 Rh4 64. Ke3 Rxd4 0-1

[Event "Madrid op"]
[Site "Madrid"]
[Date "2005.08.22"]
[Round "7"]
[White "Manas Molina, Angel"]
[Black "Alonso Abad, Enrique"]
[Result "1-0"]
[WhiteElo "1952"]
[BlackElo "1987"]
[PlyCount "135"]
[EventDate "2005.08.01"]
[EventType "swiss"]
[EventRounds "9"]
[EventCountry "ESP"]
[SourceTitle "EXT 2006"]
[Source "ChessBase"]
[SourceDate "2005.11.24"]
[SourceVersion "1"]
[SourceVersionDate "2005.11.24"]
[SourceQuality "1"]

1. e4 e6 2. d4 d5 3. e5 c5 4. c3 Nc6 5. Nf3 Bd7 6. Bd3 Rc8 7. 0-0 cxd4 8. cxd4 Nb4 9. Nc3 Nxd3 10. Qxd3 a6 11. Re1 Ne7 12. a3 Nf5 13. Bd2 Be7 14. Nd1 0-0 15. Ne3 Bb5 16. Qb3 Nxe3 17. Bxe3 Qd7 18. Rac1 Bc4 19. Qd1 a5 20. Qd2 a4 21. Bg5 b5 22. Bxe7 Qxe7 23. Qg5 Qxg5 24. Nxg5 b4 25. Nf3 b3 26. Rc3 Ba6 27. Rec1 Rc4 28. Rxc4 dxc4 29. Nd2 Rd8 30. Ne4 Rxd4 31. Nc3 Rd2 32. Nxa4 Kf8 33. h3 Bb5 34. Nc3 Bc6 35. Rb1 f6 36. exf6 gxf6 37. Kf1 Ke7 38. Ke1 Rc2 39. g3 e5 40. Nd1 Be4 41. Ne3 Rxf2 42. Kxf2 Bxb1 43. Nxc4 Be4 44. Ke3 Bd5 45. Nd2 Kd6 46. Kd3 f5 47. Nc4+ Bxc4+ 48. Kxc4 f4 49. gxf4 exf4 50. Kd4 Kc6 51. Ke4 Kc5 52. Kxf4 Kc4 53. Ke3 h6 54. Ke4 h5 55. h4 Kc5 56. Kd3 Kd5 57. Kc3 Ke4 58. Kxb3 Kf4 59. a4 Kg4 60. a5 Kxh4 61. a6 Kg3 62. a7 h4 63. a8Q h3 64. Qh1 Kg4 65. Kc3 Kg3 66. Kd3 Kg4 67. Ke3 Kh4 68. Kf4 1-0

[Event "Madrid-chB"]
[Site "Madrid"]
[Date "2000.??.??"]
[Round "9"]
[White "Gonzalez Recas, Fernando Jose"]
[Black "Manas Molina, Angel"]
[Result "1/2-1/2"]
[WhiteElo "1975"]
[BlackElo "1940"]
[PlyCount "45"]
[EventDate "2000.??.??"]
[EventType "swiss"]
[EventRounds "9"]
[EventCountry "ESP"]
[SourceTitle "EXT 2003"]
[Source "ChessBase"]
[SourceDate "2002.11.25"]
[SourceVersion "1"]
[SourceVersionDate "2002.11.25"]
[SourceQuality "1"]

1. e4 c5 2. Nf3 a6 3. d4 cxd4 4. Nxd4 Nf6 5. Nc3 e5 6. Nf3 Bb4 7. Bd3 d6 8. 0-0 0-0 9. h3 Nbd7 10. a3 Bxc3 11. bxc3 Nc5 12. Qe2 h6 13. Bd2 Bd7 14. Nh2 b5 15. g4 Nh7 16. f4 Qe7 17. Qg2 f6 18. Be2 Bc6 19. Bf3 g5 20. f5 Qb7 21. Rfe1 Rfd8 22. Nf1 d5 23. exd5 1/2-1/2

[Event "Madrid-chB"]
[Site "Madrid"]
[Date "2000.??.??"]
[Round "5"]
[White "Manas Molina, Angel"]
[Black "Diaz Begonte, Manuel"]
[Result "1-0"]
[WhiteElo "1940"]
[BlackElo "1845"]
[PlyCount "25"]
[EventDate "2000.??.??"]
[EventType "swiss"]
[EventRounds "9"]
[EventCountry "ESP"]
[SourceTitle "EXT 2003"]
[Source "ChessBase"]
[SourceDate "2002.11.25"]
[SourceVersion "1"]
[SourceVersionDate "2002.11.25"]
[SourceQuality "1"]

1. e4 c6 2. d4 d5 3. e5 Bf5 4. h4 h6 5. g4 Bh7 6. e6 fxe6 7. Bd3 Nf6 8. Bxh7 Nxh7 9. Qd3 Na6 10. Qg6+ Kd7 11. Nf3 Nc7 12. Ne5+ Kc8 13. Nf7 1-0